000 00213 a2200109 4500
020 _a9780425236284
041 _aeng
100 _aPatricia Cornwell
245 _aThe Scarpetta Factor
942 _cBK
952 _71
999 _c24541
_d24541